| 000 | 00474nam a22001577a 4500 | ||
|---|---|---|---|
| 999 |
_c127949 _d127949 |
||
| 005 | 20220823110821.0 | ||
| 008 | 220823b ||||| |||| 00| 0 eng d | ||
| 020 | _a9698757007 | ||
| 040 | _cPK-LaUMT | ||
| 082 |
_aAPC 297 _bFAI-F |
||
| 100 | _aFaiz Muhammad Shaikh = فیض محمد شیخ | ||
| 245 |
_aFahm i din = فہم دین / _cby Faiz Muhammad Shaikh = فیض محمد شیخ |
||
| 260 |
_aIslamabad : _bAl-Faiz Trust, _c2003 |
||
| 300 | _a246 p. | ||
| 942 | _cBK | ||